Co-operative housing - interim results of a DOE national study (Record no. 2471)

MARC details
000 -LEADER
fixed length control field 00999cab a2200253 4500
001 - CONTROL NUMBER
control field ABS37398
008 - FIXED-LENGTH DATA ELEMENTS--GENERAL INFORMATION
fixed length control field 090401t1987 xxu||||| |||| 00| 0 eng d
035 ## - SYSTEM CONTROL NUMBER
System control number (Sirsi) u4132
041 ## - LANGUAGE CODE
Language code of text/sound track or separate title eng
100 ## - MAIN ENTRY--PERSONAL NAME
Personal name Tinker, A.
245 ## - TITLE STATEMENT
Title Co-operative housing - interim results of a DOE national study
260 ## - PUBLICATION, DISTRIBUTION, ETC.
Date of publication, distribution, etc. 1987
350 ## - PRICE (NR) (BK AM CF MU VM SE) [OBSOLETE]
Price 0
490 ## - SERIES STATEMENT
Series statement Housing Review
Volume/sequential designation 36(1) January-February 1987, 13-16(4)
520 ## - SUMMARY, ETC.
Summary, etc. This article sets out the preliminary findings of research carried out by the DOE on co-operative housing . Gives details of the age and location of co-operatives, ownership and type of property, the kind of people living in them and how they are run. Concludes with results of interviews given by people living and working in co-operatives. Tables.
650 ## - SUBJECT ADDED ENTRY--TOPICAL TERM
Topical term or geographic name entry element HOUSING CO OPERATIVES
650 ## - SUBJECT ADDED ENTRY--TOPICAL TERM
Topical term or geographic name entry element HOUSING MANAGEMENT
690 ## - LOCAL SUBJECT ADDED ENTRY--TOPICAL TERM (OCLC, RLIN)
Topical term or geographic name as entry element Block management
9 (RLIN) 6220
700 ## - ADDED ENTRY--PERSONAL NAME
Personal name Dodd, P.
700 ## - ADDED ENTRY--PERSONAL NAME
Personal name McCafferty, P.
700 ## - ADDED ENTRY--PERSONAL NAME
Personal name Dougall, S.
942 ## - ADDED ENTRY ELEMENTS (KOHA)
Suppress in OPAC 0
948 ## - LOCAL PROCESSING INFORMATION (OCLC); SERIES PART DESIGNATOR (RLIN)
c (OCLC) 04/03/1997
Holdings
Withdrawn status Lost status Source of classification or shelving scheme Damaged status Not for loan Home library Current library Shelving location Date acquired Total Checkouts Full call number Barcode Date last seen Copy number Price effective from Koha item type
    Dewey Decimal Classification     London London Journal article 14/09/1999   ABS37398 4132-1001 06/08/2019 1 06/08/2019 Journal article